Funny Yet Weirdly Specific Phobias 1st Edition - Statistics

General Stats
  • This quiz has been taken 20 times
  • The average score is 6 of 15
Answer Stats
Hint Answer % Correct
Francophobia French people and culture
89%
Americophobia American people and culture
84%
Octophobia The number eight
84%
Triskaidekaphobia The number thirteen
68%
Venustraphobia Beautiful women
37%
Dextrophobia Things to your right
37%
Luposlipaphobia Being pursued by timber wolves whilst running around a kitchen table wearing socks on a newly waxed floor
32%
Anatidaephobia Somewhere, somehow, a duck (or goose) is watching you
26%
Xanthophobia The color yellow
26%
Sinistrophobia Things to your left or left-handed people
26%
Nomophobia Being without your mobile phone or being detached from mobile phone connectivity (no WiFi)
21%
Creepophobia Creepers from Minecraft
16%
Arachibutyrophobia Peanut butter sticking to the roof of your mouth
11%
Porphyrophobia The color purple
11%
Pentheraphobia Mother-in-laws
0%
No matching quizzes found
Score Distribution
Percent of People with Each Score
Percentile by Number Answered
Your Score History
You have not taken this quiz